| 000 | 01048nab a22002417a 4500 | ||
|---|---|---|---|
| 999 |
_c5603 _d5603 |
||
| 003 | OSt | ||
| 005 | 20251222101356.0 | ||
| 008 | 190429b xxu||||| |||| 00| 0 spa d | ||
| 040 | _cPJ | ||
| 100 |
_93063 _aRiquert, Marcelo A. |
||
| 245 | 1 | 3 |
_aLa famosa "puerta giratoria" : _b¿cómo funciona en la realidad? A propósito de cuánto se usa la prisión en Argentina y Latinoamérica en general / _cMarcelo A. Riquert. |
| 260 |
_cCiudad Autónoma de Buenos Aires : _aThomson Reuters La Ley, _b2025. |
||
| 300 | _ap. 227-241 | ||
| 500 | _aCita: AR/DOC/1349/2025. | ||
| 505 | _tSi te interesa el texto completo, solicitalo a koha@justierradelfuego.gov.ar | ||
| 650 | 0 |
_9343 _aDERECHO PENAL |
|
| 650 | 0 |
_92209 _aRÉGIMEN PENITENCIARIO |
|
| 650 | 0 |
_92589 _aPOLITICA CRIMINAL |
|
| 650 | 0 |
_93020 _aREADAPTACIÓN DEL CONDENADO |
|
| 650 | 0 |
_92782 _aPRISIÓN PREVENTIVA |
|
| 773 | 0 |
_02658 _93164 _tRevista de derecho penal y criminología. Nº 6 - Julio 2025 _dCiudad Autónoma de Buenos Aires : Thomson Reuters La Ley, 2017- _x00347914 |
|
| 942 |
_2udc _cANA |
||